000 00491nam a2200169Ia 4500
008 090711s9999 xx 000 0 und d
082 _b44939
100 _aमहांबरे गंगाधर
245 _aमराठी गझल
260 _c1981
300 _a104
600 _aमहांबरे गंगाधर
630 _aमराठी गझल
700 _aमहांबरे गंगाधर
730 _aमराठी गझल
942 _cBOOK
999 _c290879
_d290879